| 000 | 00640nam a2200217Ia 4500 | ||
|---|---|---|---|
| 005 | 20241129110138.0 | ||
| 008 | 241129s9999||||xx |||||||||||||| ||und|| | ||
| 020 | _a978-977-350-344-0 | ||
| 037 | _aTB | ||
| 040 |
_aARTS _beng _cARTS |
||
| 041 |
_aeng _2ara |
||
| 084 |
_aT13:3 28Q1 _qARTS |
||
| 100 |
_aShalan Sayed Mohammad Au. _9727392 |
||
| 245 | 0 |
_aAsaleeb al-tadrees latafal al-rozah _cShalan Sayed Mohammad Au. |
|
| 260 |
_aCairo, Egypt _bDarul kitab al-hadees _c2014 |
||
| 300 | _a412p. | ||
| 365 |
_aINR _b1456 |
||
| 650 |
_aEducation-ChildTeaching _9727393 |
||
| 942 |
_cTB _hT13:3 28Q1 |
||
| 999 |
_c1227478 _d1227478 |
||